| 000 | 01280cam a22003133a 4500 | ||
|---|---|---|---|
| 001 | 14525 | ||
| 003 | PGUSA | ||
| 005 | 20140828083318.0 | ||
| 008 | 041230s2004||||xxu|||||s|||||000 1 eng d | ||
| 040 |
_aPGUSA _beng |
||
| 042 | _adc | ||
| 050 | 4 | _aPR | |
| 245 | 1 | 0 |
_aPrefaces to Fiction _h[electronic resource] |
| 260 |
_bProject Gutenberg, _c2004 |
||
| 500 | _aAugustan Reprint Society, publication number 32 | ||
| 505 | 0 | _ade Scudéry, Preface to Ibrahim (1674) -- Manley, Preface to The Secret History of Queen Zarah (1705) -- de Boyer, Marquis d'Argens, Preface to The Jewish Spy (1744) -- Warburton, Preface to Richardson's Clarissa Vol. III and IV (1748) -- Derrick, Preface to d'Argens's Memoirs of The Count Du Beauval (1754). | |
| 506 | _aPublic domain in the USA. | ||
| 516 | _aElectronic text | ||
| 653 | _aFiction -- Technique | ||
| 700 | 1 |
_aWarburton, William, _d1698-1779 |
|
| 700 | 1 |
_aManley, _cMrs _q(Mary de la Rivière), _d1663-1724 |
|
| 700 | 1 |
_aArgens, Jean-Baptiste de Boyer, marquis d', _d1704-1771 |
|
| 700 | 1 |
_aBoyce, Benjamin, _d1903-1997 |
|
| 700 | 1 |
_aDerrick, Samuel, _d1724-1769 |
|
| 700 | 1 |
_aScudéry, M. de _q(Georges), _d1601-1667 |
|
| 830 | 0 |
_aProject Gutenberg _v14525 |
|
| 856 | 4 | 0 | _uhttp://www.gutenberg.org/ebooks/14525 |
| 942 | _cEB | ||
| 999 |
_c243780 _d243780 |
||